| 000 | 00917nam a2200325 a 4500 | ||
|---|---|---|---|
| 003 | AR-BaBNM | ||
| 005 | 20251128203829.0 | ||
| 008 | 082120s2002 ||||||||||||||000 | spa|| | ||
| 040 | _cAR-BaBNM | ||
| 100 | 1 | _aHalperín, Isaac | |
| 245 | 0 | 0 |
_aCurso de derecho comercial _bparte general : sociedades en general _n1 |
| 260 |
_aBuenos Aires _bDepalma _c1967 |
||
| 300 | _axxiv, 322 p. | ||
| 500 | _aIndice p. vii-xxiv | ||
| 504 | _aContiene bibliografía en cada capítulo | ||
| 504 | _aBibliografía al final del libro | ||
| 650 | 4 | _aDERECHO COMERCIAL | |
| 650 | 4 | _aHISTORIA DEL DERECHO | |
| 650 | 4 | _aHISTORIA DEL DERECHO ARGENTINO | |
| 650 | 4 | _aFUENTES DEL DERECHO | |
| 650 | 4 | _aCOMERCIO | |
| 650 | 4 | _aLEGISLACION | |
| 650 | 4 | _aEMPRESAS COMERCIALES | |
| 650 | 4 | _aCOMERCIANTES | |
| 650 | 4 | _aSOCIEDADES | |
| 650 | 4 | _aNULIDAD | |
| 650 | 4 | _aLEGISLACION ARGENTINA | |
| 942 | _cBK | ||
| 998 | _cAndrea | ||
| 999 |
_c5080 _d5080 |
||